000 00532nam a2200217Ia 4500
003 OSt
005 20220928143815.0
006 a|||||r|||| 00| 0
007 ta
008 220927b |||||||| |||| 00| 0 eng d
024 _a23170
037 _cTextual
040 _aSDCL
_cSDCL
_beng
041 _2eng
_aeng
082 _aQ10aR65, N6
100 _aSharma Ram Murthi
_9506099
245 0 _aVeda and vedanta
260 _c1996
942 _hQ10aR65, N6
_cTEXL
_2CC
999 _c825116
_d825116